La responsabilidad fiscal en la formulación de políticas públicas (Registro nro. 320204)

Detalles MARC
000 -ENCABEZADO
Número de control [NR] 00826nam a2200217 a 4500
005 - FECHA Y HORA DE LA ÚLTIMA TRANSACCIÓN
control field 20211129100546.0
008 - DE LONGITUD FIJA DE DATOS DE ELEMENTOS - INFORMACIÓN GENERAL
Elementos de longitud fija [NR] 211129s2021 ck |||gr|||| 00| 0 spa d
020 ## - NUMERO INTERNACIONAL NORMALIZADO PARA LIBROS [R]
Número Internacional Normalizado del libro [NR] 9789580614401
040 ## - FUENTE DE CATALOGACION [NR]
Agencia de catalogación original [NR] CO-BoUCM
Idioma de catalogación [NR] spa
Quien Cataloga Deissy Garcia
Quien Clasifica Deissy Garcia
041 0# - CODIGO DE IDIOMA [R]
Código de idioma para texto/pista de sonido o título separado [R] Español
100 1# - ASIENTO PRINCIPAL--NOMBRE PERSONAL [NR]
ID Autoridad 172380
Nombre personal [NR] Zapata A., Juan Felipe
245 13 - MENCION DE TITULO [NR]
Título [NR] La responsabilidad fiscal en la formulación de políticas públicas
Mención de responsabilidad, etc. [NR] Juan Felipe Zapata A. ; prólogo Carlos Felipe Córdoba Larrarte
260 ## - PUBLICACION, DISTRIBUCION, ETC. (PIE DE IMPRENTA) [R]
Lugar de publicación, distribución, etc. [R] Bogotá
Nombre del editor, distribuidor, etc. [R] Oveja Negra
Fecha de publicación, distribución, etc. [R] 2021
300 ## - DESCRIPCION FISICA [R]
Extensión [R] 99 páginas
504 ## - NOTA DE BIBLIOGRAFIA, ETC. [R]
Nota de bibliografía, etc. [NR] Incluye referencias bibliográficas
650 #7 - ASIENTO SECUNDARIO DE MATERIA - TERMINO TEMATICO [R]
9 (RLIN) 22011
Término temático o nombre geográfico como elemento de entrada [NR] Política pública
650 #7 - ASIENTO SECUNDARIO DE MATERIA - TERMINO TEMATICO [R]
9 (RLIN) 8055
Término temático o nombre geográfico como elemento de entrada [NR] Responsabilidad fiscal
700 1# - ASIENTO SECUNDARIO - NOMBRE PERSONAL [R]
9 (RLIN) 172381
Nombre personal [NR] Córdoba Larrarte, Carlos Felipe
Término de relación [R] prólogo
942 ## - ELEMENTOS DE ENTRADA AGREGADOS (KOHA)
Sistema de clasificación DEWEY
Tema principal Sociología
Tipo de ítem principal el descrito en 300a Libro
Edición 1
Clasificación 352.34
Parte restante de la signatura top. Z35r
Título oculto en OPAC No
Existencias
Signatura topográfica Código de barras Última vez visto Ejemplar Costo de reposición Price effective from Tipo de ítem Perdido Sistema de clasificación Dañado No prestable Tipo de ítem específico Suprimido Ubicación habitual Ubicación actual Localización Fecha de creación Forma de adquisición Costo
352.34 Z35r 100168675 09/12/2025 Ej.1 26000.00 29/11/2021 Libro   DEWEY     Libro   Claustro Claustro 2do piso 29/11/2021 Donación 0.00